| 000 | 11659 a2200685 4500 | ||
|---|---|---|---|
| 005 | 20090722140627.0 | ||
| 008 | 090722t xxu||||| |||| 00| 0hin d | ||
| 010 | _aB-306524-563 | ||
| 020 |
_a8128808338 _c150.00 |
||
| 035 | _aB-306524-563 | ||
| 040 |
_adpl _bhn |
||
| 082 | _a158.1 | ||
| 100 | _aदेवसरे, हरिकृष्ण | ||
| 245 |
_aअगर ठान लीजिए.../ _cहरिकृष्ण देवसरे |
||
| 260 |
_aनई दिल्ली _bडायमंड पॉकेट बुक्स (प्रा. लि.) _c2008 |
||
| 270 |
_ax-30, ओखला इंडस्ट्रियल एरिया, फेज-11 _bनई दिल्ली _e110020 _cदिल्ली |
||
| 300 |
_a317पृ _c22 सेमी (अजिल्द) |
||
| 942 |
_adpl _cHN _k/ देवस _2ddc _h158.1 _mदेवस |
||
| 999 |
_c12325 _d12325 |
||